| 000 | 00376nam a2200145Ia 4500 | ||
|---|---|---|---|
| 008 | 230917s9999||||xx |||||||||||||| ||und|| | ||
| 040 |
_e54669 _aMAIN |
||
| 041 | _aEnglish | ||
| 082 | _a863 S97P | ||
| 100 | _aSturrock, John | ||
| 245 | 0 | _aPaper tigers: the ideal fictions of Jorge Luis Borges | |
| 260 |
_aOxford _bClarendon Press _c1977 |
||
| 300 | _a227 p. | ||
| 942 | _cBK | ||
| 999 |
_c218626 _d218626 |
||